000 00616nam a2200229Ia 4500
003 OSt
005 20221005132554.0
006 a|||||r|||| 00| 0
007 ta
008 221004b |||||||| |||| 00| 0 eng d
024 _a63644
037 _cTextual
040 _aCRL
_cCRL
_beng
041 _2eng
_aeng
082 _aV251:1:M5, C8
100 _aMetcalfe Charles Theophilus Tr.
_9104470
245 0 _aTwo native narratives of the mutiny in Delhi
260 _c1898
650 _aHISTORY
942 _hV251:1:M5, C8
_cTEXL
_2cc
999 _c1064051
_d1064051